000 04118nab a2200349 i 4500
003 BR-BrBNA
005 20241004142147.0
008 241004b2018 bl.|r|pooa||| 00| 0 por |
040 _aBR-BrBNA
_bpor
072 _aL01
_b5400
072 _aL20
100 _aKrug, F.D.M.
100 _aTillmann, M.T.
100 _aPiñeiro, M.B.C.
100 _aMendes, C.B.M.
100 _aCapella, S.O.
100 _aBruhn, F.R.P.
100 _aNobre, M.O.
245 _aAvaliação diagnóstica na síndrome disfunção cognitiva canina
500 _aPublicação online; 27 ref.; 2 illus.; Summaries (En, Pt)
520 _a RESUMO - O objetivo do presente estudo foi avaliar o questionário observacional e os testes de reatividade como forma de triagem e diagnóstico da disfunção cognitiva em cães idosos. Foram estudados 10 cães acima de sete anos, que apresentavam queixas comportamentais. Foi utilizado questionário que abordava questões comportamentais, como desorientação, atividade, interação socioambiental, alterações no padrão do sono e casa-sujidade. As respostas foram convertidas em pontuações, cujo somatório classificou o cão com disfunção cognitiva canina (DCC), ou borderline (BL), ou sem alterações comportamentais (SAC). Logo depois, foram realizados, em todos os cães, os seguintes testes cognitivos: open field, curiosidade, interação com humano e com espelho. Pela avaliação do questionário, foi determinado que dois cães tinham DCC, três eram BL, cinco eram SAC. Os cães classificados com DCC tinham idade superior aos demais e apresentaram alterações em todos os testes de reatividade, enquanto os cães BL apresentaram alterações em dois testes de reatividade e os SAC não apresentaram alterações. Conclui-se que, com o aumento da expectativa de vida canina, o questionário observacional foi um instrumento de triagem para a identificação dos cães classificados com DCC, BL e SAC, e os testes de reatividade como um método inovador para identificar o verdadeiro estado cognitivo dos pacientes idosos. Palavras-chave: senilidade, déficit cognitivo, open field, curiosidade, interação com humano
520 _a ABSTRACT - The objective was to evaluate the observational questionnaire and the reactivity tests as a way of screening and diagnosis of cognitive dysfunction in elderly dogs. Ten dogs over seven years of age, with behavioral complaints, were studied. A questionnaire was used that addressed behavioral issues such as disorientation, activity, socioenvironmental interaction, changes in sleep pattern, and house-dirtiness. Responses were converted into scores, which summed the dog with canine cognitive dysfunction (DCC), or Borderline (BL) or without behavioral changes (SAC). Soon after, the following cognitive tests were performed on all dogs: open field, curiosity, interaction with human and with mirror. Through questionnaire evaluation, two dogs had CHD, three were BL, and five were SAC. The dogs classified with DCC were older than the others and presented alterations in all reactivity tests, while the BL dogs presented changes in two reactivity tests and CAD showed no alterations. With the increase in canine life expectancy, the observational questionnaire was a screening instrument for the identification of dogs classified with DCC, BL and SAC and the reactivity tests as an innovative method to identify the true cognitive status of the dogs elderly patients. Keywords: senility, cognitive impairment, open field, curiosity, interaction with human
650 _aCÃO
650 _aIDADE
650 _aCOMPORTAMENTO ANIMAL
650 _aDIAGNÓSTICO
650 _aVETERINÁRIA PREVENTIVA
773 0 _01643
_9344976
_dBelo Horizonte-MG Universidade Federal de Minas Gerais - Escola de Veterinaria 1983
_o2024-5389
_tArquivo Brasileiro de Medicina Veterinária e Zootecnia (Brazil)
_x0102-0935
_gv. 70(6) p. 1723-1730; (2018)
_wBR2024002787
856 _uhttps://www.scielo.br/j/abmvz/a/LnggMgLKjNk558hdXLpP7kJ/?format=pdf&lang=pt
942 _cANA
999 _c327930
_d327930